000 00506nam a2200157 a 4500
001 000035511
005 20200930074409.0
008 111102s2008 dr ac 000 0 spa d
040 _aDO-SdBNP
_bspa
_cBNPHU
082 _axxxx
_bxxxx
110 2 _aLa Fundación Nacional de Desarrollo Integral
_956894
245 1 0 _aAnnual report 2005-08 /
_cpresidente ; Félix Bautista.
260 _aSanto Domingo :
_bFUNDI,
_c[2008].
300 _a309 p. :
_bil. retrs. ;
_c28 cm.
700 1 2 _aBautista, Félix
_epres.
_943925
999 _c35002
_d35002